Catálogo
Digital

Catálogo
Digital

Manual de formación y consulta para técnico sanitario de emergencias y primeros intervinientes (Record no. 14269)

MARC details
000 -CABECERA
campo de control de longitud fija 01742nam a2200301 4500
003 - IDENTIFICADOR DEL NÚMERO DE CONTROL
campo de control EC-UNACH
005 - FECHA Y HORA DE LA ÚLTIMA TRANSACCIÓN
campo de control 20251208170405.0
006 - CÓDIGOS DE INFORMACIÓN DE LONGITUD FIJA--CARACTERÍSTICAS DEL MATERIAL ADICIONAL
campo de control de longitud fija s||||gr|||| 00| 00
008 - DATOS DE LONGITUD FIJA--INFORMACIÓN GENERAL
campo de control de longitud fija 150116t9999 mx r gr 000 0 spa d
020 ## - NÚMERO INTERNACIONAL ESTÁNDAR DEL LIBRO
Número Internacional Estándar del Libro 978-8496881-42-6
040 ## - FUENTE DE LA CATALOGACIÓN
Centro catalogador/agencia de origen EC-UNACH
Centro/agencia transcriptor EC-UNACH
041 ## - CÓDIGO DE LENGUA
Código de lengua del texto/banda sonora o título independiente spa
082 04 - NÚMERO DE LA CLASIFICACIÓN DECIMAL DEWEY
Número de edición 23
Número de clasificación 610.736.1
Número de documento/Ítem L018417
110 ## - ENTRADA PRINCIPAL--NOMBRE DE ENTIDAD CORPORATIVA
Nombre de entidad corporativa o nombre de jurisdicción como elemento de entrada Arán ediciones
245 ## - MENCIÓN DE TÍTULO
Título Manual de formación y consulta para técnico sanitario de emergencias y primeros intervinientes
250 ## - MENCIÓN DE EDICIÓN
Mención de edición Primera edición
264 ## - Producción, publicación, distribución, fabricación y copyright
Lugar de producción, publicación, distribución, fabricación España
Nombre del de productor, editor, distribuidor, fabricante Arán ediciones
Fecha de de producción, publicación, distribución, fabricación o copyright 2008
300 ## - DESCRIPCIÓN FÍSICA
Extensión 370
505 ## - NOTA DE CONTENIDO CON FORMATO
Nota de contenido con formato <br/>1- Generalidades de las urgencias, emergencias y traumas: Conceptos fundamentales y clasificaciones.<br/>2- Anatomía y fisiología humana: Bases del cuerpo humano para entender las patologías.<br/>3- Protocolos de trabajo: Guías de actuación paso a paso para diversas situaciones.<br/>4- Técnicas sanitarias básicas: Aplicación de primeros auxilios y soporte vital.<br/>5- Técnicas de protección y medidas de seguridad: Protección personal y del paciente.<br/>6- Equipos de trabajo: Conocimiento y uso de material sanitario (ambulancia, botiquín).<br/>7- Mantenimiento de equipos: Conservación del material.<br/>8- Conocimiento básico sobre legislación: Marco legal de la intervención. <br/>Este manual, publicado por Berri, es una herramienta esencial para la formación y consulta de los Técnicos en Emergencias Sanitarias (TES).
650 ## - PUNTO DE ACCESO ADICIONAL DE MATERIA--TÉRMINO DE MATERIA
Término de materia o nombre geográfico como elemento inicial SISTEMA INTEGRAL DE EMERGENCIAS
650 ## - PUNTO DE ACCESO ADICIONAL DE MATERIA--TÉRMINO DE MATERIA
Término de materia o nombre geográfico como elemento inicial MEDIDAS DE SEGURIDAD Y AUTOPROTECCIÓN
650 ## - PUNTO DE ACCESO ADICIONAL DE MATERIA--TÉRMINO DE MATERIA
Término de materia o nombre geográfico como elemento inicial CONCEPTO Y CLASES DE RESPONSABILIDAD
700 ## - PUNTO DE ACCESO ADICIONAL--NOMBRE DE PERSONA
Nombre de persona Francisco Mora Pérez
942 ## - ELEMENTOS DE PUNTO DE ACCESO ADICIONAL (KOHA)
Fuente del sistema de clasificación o colocación Clasificación Decimal Dewey
Tipo de ítem Koha Libros
999 ## - NÚMEROS DE CONTROL DE SISTEMA (KOHA)
Koha biblionumber 14269
Holdings
Estado de pérdida Fuente del sistema de clasificación o colocación Estado dañado No para préstamo Localización permanente Ubicación/localización actual Ubicación en estantería Fecha de adquisición Fuente de adquisición Número de inventario Total de préstamos Signatura topográfica completa Código de barras Fecha visto por última vez Precio válido a partir de Tipo de ítem Koha Centro de costos
  Clasificación Decimal Dewey     Biblioteca Campus Norte Biblioteca Campus Norte Facultad de Ciencias de la Salud - Generalidades 08/12/2025 Transitoria segunda Resolución N°0311-CU-UNACH-SE-ORD-16-09-24 39933364   610.736.1 MOR L018417 L018417 08/12/2025 08/12/2025 Libros  

Powered by Koha